| 000 | 00000nam##2200000za#4500 |
| 001 | 9.614553 |
| 003 | CaOODSP |
| 005 | 20200706133912 |
| 007 | ta |
| 008 | 150406|1998||||xxc||||| f|0| 0 eng|d |
| 020 | |a0-660-17606-8 |
| 022 | |a1200-5223 |
| 040 | |aCaOODSP|beng |
| 043 | |an-cn--- |
| 086 | 1 |aCS11-0019/125E |
| 245 | 00|aEmployment insurance in Canada : |brecent trends and policy changes / |cby Zhengxi Lin. |
| 260 | |aOttawa - Ontario : |bStatistics Canada. |c1998. |
| 300 | |a17p. : |bgraphs, references, tables ; |c28 cm. |
| 490 | 1 |aResearch paper series|x1200-5223|vNo. 125 |
| 500 | |a"This paper highlights recent trends in employment insurance (formerly unemployment insurance). It also provides a review of the historic evolution of the employment insurance program."--Abstract. |
| 520 | 3 |aThis paper highlights recent trends in employment insurance (formerly unemployment insurance). It also provides a review of the historic evolution of the employment insurance program.--Abstract |
| 563 | |aSoftcover |
| 590 | |a98-43|b1998-10-23 |
| 710 | 2 |aStatistics Canada. |bAnalytical Studies Branch. |
| 720 | 1 |aLin, Zhengxi |
| 775 | 08|tL'assurance emploi au Canada : |w(CaOODSP)9.624867 |
| 776 | 0#|tEmployment insurance in Canada : |w(CaOODSP)9.574633 |
| 830 | #0|aResearch paper series,|x1200-5223|vNo. 125|w(CaOODSP)9.514463 |